El efecto del sexo de los líderes políticos y de la afinidad de género en las elecciones autonómicas (Registro nro. 232602)
[ vista simple ]
| 000 -CABECERA | |
|---|---|
| campo de control de longitud fija | 02824naa a2200265 i 4500 |
| 001 - NÚMERO DE CONTROL | |
| campo de control | 232602 |
| 003 - IDENTIFICADOR DEL NÚMERO DE CONTROL | |
| campo de control | ES-MaBCM |
| 005 - FECHA Y HORA DE LA ÚLTIMA TRANSACCIÓN | |
| campo de control | 20260305082041.0 |
| 008 - CÓDIGOS DE INFORMACIÓN DE LONGITUD FIJA | |
| campo de control de longitud fija | 260305s2025 sp ad||| |||| 00| 0 spa d |
| 040 ## - FUENTE DE LA CATALOGACIÓN | |
| Centro transcriptor | ES-MaBCM |
| 245 03 - MENCIÓN DE TÍTULO | |
| Título | El efecto del sexo de los líderes políticos y de la afinidad de género en las elecciones autonómicas |
| Mención de responsabilidad etc. | Carmen Ortega, José Manuel Trujillo, Francisco Javier Alarcón González, Pablo Oñate |
| 504 ## - NOTA DE BIBLIOGRAFÍA, ETC. | |
| Nota de bibliografía etc. | Bibliografía: p. 121-126 |
| 520 ## - SUMARIO, ETC. | |
| Sumario etc. | En las últimas décadas, un número creciente de estudios han abordado el impacto del liderazgo político sobre el comportamiento electoral en los sistemas parlamentarios, destacando su papel como factor determinante de la decisión de voto. Sin embargo, el interés académico por el liderazgo femenino y sus efectos ha sido limitado, en parte debido al escaso número de mujeres candidatas a la presidencia de los ejecutivos nacionales. Del mismo modo, son escasos los estudios comparados que han explorado el efecto de la afinidad de género, es decir, si las mujeres tienen mayor predisposición a votar a partidos liderados por mujeres que los hombres, controlando otros condicionantes del voto. En este contexto, este trabajo analiza el efecto del sexo de los/as líderes políticos/as y de la afinidad de género en las elecciones autonómicas celebradas en España entre el año 2022 y 2024. Estas suponen un marco de estudio propicio para desarrollar esta línea de investigación, tanto por la similitud de sus características institucionales como por la diversidad de situaciones políticas que integran. Con esta finalidad, se han utilizado los estudios preelectorales del Centro de Investigaciones Sociológicas, completando la información con las características de los/as líderes, de los partidos y del contexto político. A partir de estrategias de análisis cuantitativas, los resultados muestran que las líderes son mejor valoradas por el electorado que los líderes de partido. Esta mejor valoración de las líderes es también más pronunciada entre las mujeres que entre los hombres. Por el contrario, ni el sexo de los/as líderes ni la afinidad de género ejercen un efecto significativo sobre la decisión de voto en las convocatorias autonómicas analizadas. |
| 650 #7 - PUNTO DE ACCESO ADICIONAL DE MATERIA--TÉRMINO DE MATERIA | |
| Término de materia o nombre geográfico como elemento inicial | Liderazgo |
| 9 (RLIN) | 59272 |
| 650 #0 - PUNTO DE ACCESO ADICIONAL DE MATERIA--TÉRMINO DE MATERIA | |
| Término de materia o nombre geográfico como elemento inicial | Intención de voto |
| 9 (RLIN) | 126191 |
| 650 #0 - PUNTO DE ACCESO ADICIONAL DE MATERIA--TÉRMINO DE MATERIA | |
| Término de materia o nombre geográfico como elemento inicial | Integración de la perspectiva de género |
| 9 (RLIN) | 129233 |
| 650 #7 - PUNTO DE ACCESO ADICIONAL DE MATERIA--TÉRMINO DE MATERIA | |
| Término de materia o nombre geográfico como elemento inicial | Elecciones regionales |
| 9 (RLIN) | 58506 |
| 651 #4 - PUNTO DE ACCESO ADICIONAL DE MATERIA--NOMBRE GEOGRÁFICO | |
| Nombre geográfico | España |
| 9 (RLIN) | 115342 |
| 700 1# - PUNTO DE ACCESO ADICIONAL--NOMBRE DE PERSONA | |
| Nombre de persona | Ortega Villodres, Carmen |
| 9 (RLIN) | 61128 |
| 700 1# - PUNTO DE ACCESO ADICIONAL--NOMBRE DE PERSONA | |
| Nombre de persona | Trujillo Cerezo, José Manuel |
| 9 (RLIN) | 94172 |
| 700 1# - PUNTO DE ACCESO ADICIONAL--NOMBRE DE PERSONA | |
| Nombre de persona | Alarcón González, Francisco Javier |
| 9 (RLIN) | 125219 |
| 700 1# - PUNTO DE ACCESO ADICIONAL--NOMBRE DE PERSONA | |
| Nombre de persona | Oñate, Pablo |
| 9 (RLIN) | 34356 |
| 773 ## - ENLACE AL DOCUMENTO FUENTE | |
| Lugar editor y fecha de publicación | Madrid |
| Parte(s) relacionada(s) | N. 69 (nov. 2025), p. 97–136- Loc. S.506 |
| Título | Revista española de ciencia política |
| Número de control del registro relacionado | 140329 |
| 942 ## - ELEMENTOS DE PUNTO DE ACCESO ADICIONAL (KOHA) | |
| Fuente del sistema de clasificación o colocación | Universal Decimal Classification |
| Tipo de ítem Koha | Artículos de revistas |
| Estado de retiro | Estado de pérdida | Fuente del sistema de clasificación o colocación | Estado dañado | No para préstamo | Localización permanente | Ubicación/localización actual | Ubicación en estantería | Fecha de adquisición | Fuente de adquisición | Total de préstamos | Fecha visto por última vez | Precio válido a partir de | Tipo de ítem Koha |
|---|---|---|---|---|---|---|---|---|---|---|---|---|---|
| Universal Decimal Classification | Biblioteca Central del Ministerio de la Presidencia | Biblioteca Central del Ministerio de la Presidencia | Sala | 05/03/2026 | Donativo | 05/03/2026 | 05/03/2026 | Artículos de revistas |
